[Event "17th Karpov Trophy 2019"]
[Site "Cap d'Agde"]
[Date "2019.10.25"]
[Round "3.4"]
[White "Khademalsharieh, Sarasadat"]
[Black "Sarana, Alexey"]
[Result "0-1"]
[WhiteElo "2491"]
[BlackElo "2655"]
[Annotator "TA"]
[PlyCount "122"]
[EventDate "2019.10.25"]
[EventType "tourn"]
[EventCountry "FRA"]
[SourceTitle "playchess.com"]
[Source "ChessBase"]
[SourceQuality "1"]

{[%evp 10,122,13,0,14,4,4,6,14,0,45,-6,-9,-2,-9,-14,18,-8,14,-16,35,0,0,-16,-16,-16,-11,-12,-17,-20,38,0,7,-22,307,301,293,287,292,-43,-49,-40,-45,-44,-50,-44,0,0,0,-45,-49,-54,-47,-52,0,-194,-164,-227,-223,-240,-193,-188,-181,-182,-95,-190,-178,-169,-193,-191,-180,-193,-159,-216,-214,-211,-200,-222,-221,-411,-407,-397,-358,-5110,-5431,-6103,-3847,-2824,-2354,-5857,-6191,-29971,-29975,-29972,-29973,-29977,-29978,-29977,-29979,-29979,-29981,-29981,-29981,-29981,-29982,-29982,-29983,-29983,-29984,-29984,-29985,-29985,-29986,-29986,-29987]} 1. d4 Nf6 2. c4 e6 3. Nf3 d5 4. Nc3 dxc4 5. e3 a6 6. a4 b6 {D24: Queen's Gambit Accepted: 3 Nf3 Nf6 4 Nc3} 7. Bxc4 Bb7 8. O-O Bb4 {The position is equal.} 9. Ne5 Nc6 $146 (9... O-O {seems wilder.} 10. Nd3 Be7 11. b4 Nc6 12. Rb1 a5) ({Predecessor:} 9... O-O 10. Bd2 Nbd7 11. f4 c5 12. Qe2 cxd4 13. exd4 Nxe5 14. dxe5 {0-1 (37) Sokolov,I (2573)-Vitiugov,N (2709) Porto Carras 2018}) 10. f4 (10. Nxc6 $14 Bxc6 11. f3) 10... O-O $11 11. Bd2 Na5 12. Ba2 Qe7 13. Nd3 Bd6 14. Qe2 Nc6 ({Black should try} 14... c5 $11) 15. Rac1 Nb4 16. Nxb4 Bxb4 17. Be1 c5 18. dxc5 Bxc5 ({Don't play} 18... Qxc5 $6 19. Nd5 $14) 19. Bh4 e5 (19... Qe8 $11) 20. b4 (20. Bd5 {looks sharper.} Bxe3+ 21. Qxe3 Nxd5 22. Nxd5 Qxh4 23. Nxb6 Rad8 24. Rc7) 20... Bxb4 21. fxe5 Bxc3 $4 {[%mdl 8192]} (21... Qxe5 $11 {and Black stays safe.} 22. Bxf6 gxf6 23. Qg4+ Qg5) 22. exf6 $18 (22. Rxc3 Qxe5 23. Bxf6 gxf6 $11) 22... Bxf6 {[#]} 23. Rxf6 $1 {[%mdl 512]} gxf6 24. Rc7 $2 ({White must play} 24. Rf1 $18 Be4 25. Bxf6) 24... Qe4 $15 {[%mdl 64] Double Attack} 25. Rc4 $1 {[%cal Rc4e4]} Qe5 $1 26. Qg4+ $1 Kh8 {White must now prevent ...Rg8.} 27. Qd4 Kg7 {aiming for ...Rfd8.} 28. Qg4+ $1 Kh8 29. Qd4 Qxd4 30. Rxd4 f5 {Threatens to win with ...Rac8.} 31. Rd7 $1 {[%cal Rd7b7]} Bc8 ({Better is} 31... Bc6 $15 32. Rc7 Bxa4 33. Bxf7 Rxf7 $1 {[%mdl 512]} 34. Rxf7 Kg8 35. Rxf5 b5) 32. Bf6+ $2 (32. Re7 $1 $11 {and White has nothing to worry.}) 32... Kg8 $19 33. Rd4 (33. Rc7 {was worth a try.}) 33... Be6 34. Bb1 Rac8 {Strongly threatening ...Rc1+.} 35. Bd3 Rc1+ 36. Kf2 Ra8 (36... Rc6 $19 37. Bxa6 Bc8) 37. Rh4 {[#]} (37. Bxa6 $17 Rc2+ 38. Kg3) 37... b5 $1 38. g4 (38. axb5 axb5) 38... Rd1 39. Ke2 {[#]} Rxd3 $1 40. Kxd3 fxg4 41. axb5 (41. a5 $17) 41... axb5 {[%cal Ba6b5,Bb5b4,Bb4b3][%mdl 4128] Endgame KRB-KRB} 42. Rh5 {[#]} b4 $1 43. Rb5 {[#]} b3 $1 44. e4 $2 (44. Rg5+ Kf8 45. e4) 44... h6 45. Be5 Kh7 46. Rb8 $2 (46. Bf4) 46... Rxb8 47. Bxb8 {KB-KB} h5 48. Bg3 Kg6 49. Bh4 f5 50. exf5+ Kxf5 {Black mates.} 51. Bg3 Kg5 52. Be5 Kh4 53. Ke3 Kh3 54. Kf2 h4 55. Kg1 Bc4 56. Kh1 g3 57. hxg3 hxg3 58. Kg1 Kg4 59. Kg2 Bd5+ 60. Kg1 Kf3 61. Kf1 g2+ {Accuracy: White = 30%, Black = 61%.} 0-1

[Event "17th Karpov Trophy 2019"]
[Site "Cap d'Agde"]
[Date "2019.10.26"]
[Round "4.1"]
[White "Paehtz, Elisabeth"]
[Black "Bacrot, Etienne"]
[Result "0-1"]
[WhiteElo "2489"]
[BlackElo "2671"]
[Annotator "TA"]
[PlyCount "74"]
[EventDate "2019.10.25"]
[EventType "tourn"]
[EventCountry "FRA"]
[SourceTitle "playchess.com"]
[Source "ChessBase"]
[SourceQuality "1"]

{[%evp 20,74,23,0,0,0,10,0,0,-10,0,-58,-51,-85,-107,-100,-102,-100,-93,-94,-102,-96,-107,-216,-212,-271,-244,-286,-279,-262,-263,-308,-308,-272,-291,-289,-269,-235,-221,-206,-216,-224,-185,-162,-184,-361,-280,-318,-298,-375,-378,-525,-526,-568,-531,-564,-550]} 1. e4 c5 2. Nf3 d6 3. d4 cxd4 4. Nxd4 Nf6 5. Nc3 a6 6. g3 e6 7. Bg2 Be7 8. O-O O-O 9. Be3 Nc6 10. f4 Qc7 11. Nb3 b5 {B80: Sicilian Scheveningen: 6 g3 and 6 Be3, including English Attack} 12. a3 Nd7 (12... Rb8 13. g4 b4 14. axb4 Nxb4 15. g5 Nd7 16. Rf3 Re8 17. Rh3 g6 18. Qe2 Bf8 19. Rd1 {1-0 (28) Alekseev,E (2632)-Potkin,V (2597) Tallinn 2016}) 13. Qf3 $146 ({Predecessor:} 13. g4 Nb6 14. Bxb6 Qxb6+ 15. Kh1 a5 16. g5 g6 17. Qd2 a4 18. Nc1 f6 19. h4 fxg5 20. hxg5 {½-½ (33) Didi,J (2125)-Adamek,J (2220) Ostrava 2007}) 13... Nb6 {The position is equal.} 14. e5 d5 15. Rad1 (15. Bf2 $11) 15... Nc4 16. Bc1 {[#]} a5 $1 17. Kh1 Ba6 18. Ne2 b4 19. axb4 Nxb4 20. Nbd4 {[#]} Na2 $1 {[%cal Ra2c1]} 21. b3 (21. Rfe1 $17) 21... Nxc1 $19 22. Nxc1 Nb2 $1 {[%csl LRd1,LRf1]} 23. Rde1 Bxf1 24. Rxf1 a4 {[%cal Ba5a4,Ba4a3][%mdl 32]} 25. Nce2 a3 26. Ra1 Bc5 27. Qe3 Rfc8 28. f5 Qb6 29. fxe6 fxe6 30. Bh3 Re8 31. Qd2 {intending Nxe6.} Kh8 32. c3 $2 (32. Bg4) 32... Qa6 33. Nf4 {[%cal Rd4e6]} Bxd4 $1 34. Qxd4 g5 35. Bf1 Qa7 {Black is clearly winning.} 36. Ne2 Qxd4 37. Nxd4 Rec8 {Accuracy: White = 48%, Black = 89%.} 0-1

[Event "17th Karpov Trophy 2019"]
[Site "Cap d'Agde"]
[Date "2019.10.26"]
[Round "4.2"]
[White "Nihal Sarin"]
[Black "Hou, Yifan"]
[Result "0-1"]
[WhiteElo "2610"]
[BlackElo "2659"]
[Annotator "TA"]
[PlyCount "128"]
[EventDate "2019.10.25"]
[EventType "tourn"]
[EventCountry "FRA"]
[SourceTitle "playchess.com"]
[Source "ChessBase"]
[SourceQuality "1"]

{[%evp 10,130,21,18,42,47,57,56,45,11,121,13,61,67,63,67,62,64,99,48,57,33,43,30,62,0,37,38,118,67,76,56,79,77,91,108,363,368,431,193,266,250,254,99,99,100,85,70,72,24,56,0,0,0,0,-8,0,0,0,0,0,0,0,0,0,0,0,0,0,0,0,0,10,10,15,0,0,-8,-8,-8,0,-12,-8,-8,-8,-8,-4,-15,-15,-17,0,-339,-278,-278,-278,-193,-8,-52,-52,-52,-52,-1520,-1304,-29978,-29979,-29972,-5073,-1712,-1712,-29990,-29991,-29991,-29990,-29990,-29988,-29990,-29991,-29991,-29989,-29992,-29993,-29993,-29994]} 1. d4 Nf6 2. Bg5 e6 3. e4 h6 4. Bxf6 Qxf6 5. c3 d6 6. Bd3 g5 {A45: Trompowsky Attack} (6... g6 7. Ne2 Bg7 8. O-O O-O 9. f4 Qe7 10. e5 b6 11. Nd2 Bb7 12. Be4 Bxe4 13. Nxe4 Rd8 14. Qe1 {0-1 (62) Moiseenko,A (2667)-Wang,Y (2690) Riadh 2017}) 7. Ne2 h5 8. Na3 Nc6 $146 {White is slightly better.} ({Predecessor:} 8... Bh6 9. Nc4 Nd7 10. a4 g4 11. O-O Rg8 12. Kh1 Qg5 13. a5 h4 14. Ng1 {1-0 (33) Pisk,P (2313)-Sandhu,M (2330) Austria 2010}) 9. O-O Bh6 (9... h4 $11 {keeps the balance.}) 10. Bb5 (10. Ng3 $1 $16) 10... a6 11. Bxc6+ bxc6 12. Qa4 Bd7 13. Qa5 $36 {[%mdl 2048] White fights for an advantage.} Ra7 14. Nc4 ({White should try} 14. e5 $16 Qd8 15. Rad1) 14... Qg6 $1 $14 15. f3 O-O 16. Rae1 h4 17. f4 (17. b3 $14) 17... c5 18. dxc5 {aiming for f5.} Bb5 (18... Qxe4 $14 19. fxg5 Bg7) 19. Nd2 (19. f5 $16 exf5 20. exf5) 19... gxf4 20. c4 $1 {[%cal Rc4b5]} h3 {[%csl Gh3][%cal Rg6g2]} 21. Rf2 Bc6 22. cxd6 {[%mdl 64] Overworked Piece} cxd6 $2 {[%mdl 8192]} (22... f5 $16 23. Nd4 Bxe4) 23. Qb6 $18 f3 24. Ng3 ({Not} 24. Nxf3 Rb7 $18) (24. Nd4 $142) 24... Bxd2 (24... Raa8 $142 25. Nxf3 (25. Qxc6 fxg2 26. b3 Rfc8 $16) 25... Rfc8 26. gxh3 Rab8 27. Qxa6 Bf4) 25. Rxd2 Qg5 26. Rf2 $2 (26. Rxd6 $18 {and the rest is easy.} Rd7 27. Rxd7 (27. Rxc6 Rd2 $17) 27... Bxd7 28. gxf3) 26... Qc5 $16 27. Qxc5 dxc5 28. Rxf3 (28. gxh3 {keeps more tension.} a5 29. Rxf3 Rd8 30. Nh5 Rd4 31. h4) 28... hxg2 29. Rf2 Rd8 30. Rxg2 (30. Nh5 $14) 30... Kf8 $11 31. Rge2 Rd4 32. Rc1 Rad7 33. Kf2 Rd3 34. Re3 Rd2+ 35. Re2 R2d3 36. Rcc2 Ke7 37. Re3 Kf6 38. e5+ Kg5 39. Rxd3 Rxd3 {[%mdl 4096] Endgame KRB-KRN} 40. Ke2 Rd4 41. Ke3 Rf4 42. Rd2 Rxc4 43. Rd6 Bd5 44. Rxa6 Rc2 45. Rb6 Rxh2 {And now ...Rh3 would win.} 46. Ne4+ Bxe4 47. Kxe4 {KR-KR} Re2+ 48. Kd3 Rxe5 {Threatens to win with ...f5.} 49. a4 Rd5+ 50. Kc3 $2 {[%mdl 8192] [#]} (50. Ke3 $11 {and White is okay.}) 50... e5 $1 $19 {[%cal Re5e4]} 51. a5 e4 52. Rb8 {[#]} c4 $2 ({Better is} 52... Rd1 $1 $19 {...f5 is the strong threat.} 53. a6 Ra1) 53. Kb4 {next a6 is good for White.} Re5 $1 54. a6 {Strongly threatening a7.} e3 55. a7 $2 {[%mdl 8192]} (55. Rb5 $15 Rxb5+ 56. Kxb5) 55... e2 56. a8=Q e1=Q+ 57. Kxc4 {KQR-KQR} Re4+ (57... Qe2+ $142 58. Kb3 Re3+ 59. Ka2 Qc4+ 60. b3 Re2+ 61. Ka3 Qc5+ 62. b4 Qc3+ 63. Ka4 Ra2+ {[%mdl 64] Skewer} 64. Kb5 Qd3+ 65. Kc5 Rc2+ 66. Kb6 Qd4+ {[%mdl 64] Double Attack} 67. Kb5 Qc4+ 68. Ka5 Ra2+ {[%mdl 64] Skewer} 69. Kb6 Qd4+ 70. Kc6 Rc2+ 71. Kb5 Qc4+ 72. Ka5 Ra2+ {[%mdl 64] Skewer} 73. Kb6 Qd4+ 74. Kc6 Rc2+ 75. Kb5) 58. Kd5 Kf4 {( -> ...Qd2+)} 59. Rh8 Qd2+ {Black mates.} 60. Kc5 Qb4+ 61. Kc6 Re6+ 62. Kd7 Qd4+ 63. Kc7 Qc5+ 64. Kd8 Rd6+ 0-1

[Event "17th Karpov Trophy 2019"]
[Site "Cap d'Agde"]
[Date "2019.10.26"]
[Round "4.3"]
[White "Sebag, Marie"]
[Black "Sarana, Alexey"]
[Result "0-1"]
[WhiteElo "2445"]
[BlackElo "2655"]
[Annotator "TA"]
[PlyCount "94"]
[EventDate "2019.10.25"]
[EventType "tourn"]
[EventCountry "FRA"]
[SourceTitle "playchess.com"]
[Source "ChessBase"]
[SourceQuality "1"]

{[%evp 15,94,14,39,10,12,18,11,11,8,0,0,0,0,0,12,-21,-4,-28,8,-14,6,0,0,0,0,0,0,-71,-73,-73,-73,-73,-85,-79,-61,-233,-229,-230,-226,-234,-233,-226,-231,-335,-329,-318,-302,-387,-361,-413,-334,-322,-282,-494,-494,-590,-537,-575,-564,-525,-484,-647,-656,-656,-633,-656,-652,-642,-632,-1133,-1083,-1201,-1007,-12841,-12842,-12842,-1336,-1293,-1240,-12839,-12837]} 1. e4 d6 2. d4 Nf6 3. Nc3 e5 4. Nf3 Nbd7 5. Bc4 Be7 6. O-O O-O 7. a4 a5 8. h3 c6 9. Ba2 {C41: Philidor Defence} (9. Re1 Nb6 10. Bb3 Nfd7 11. Be3 exd4 12. Nxd4 Nc5 13. Qf3 Nxb3 14. cxb3 Nd7 15. Rad1 Ne5 16. Qe2 f6 17. f4 {½-½ (40) Motylev,A (2659)-Sarana,A (2573) Yaroslavl 2018}) 9... exd4 10. Nxd4 Nc5 11. Qf3 {The position is equal.} Qb6 12. Nb3 Nxb3 13. Bxb3 Be6 14. Be3 Qc7 15. Qg3 $146 ({Predecessor:} 15. Ba2 Rad8 16. Qg3 Qd7 {½-½ (33) Brozyna,M (2098)-Raczynski,K (2096) Kudowa-Zdroj 2018}) 15... Nh5 $36 {[%mdl 2048] Black is pushing.} 16. Qf3 {Threatens to win with Bxe6.} Nf6 17. Qg3 Nd7 18. Rad1 Bxb3 19. cxb3 Rfe8 20. f4 Bf6 21. e5 (21. Rd2 $11 {keeps the balance.}) 21... dxe5 $17 22. f5 Kh8 23. Ne4 Be7 24. Qf2 Nf6 25. Bb6 $2 ({White should try} 25. Nxf6 $15 Bxf6 26. Bb6) 25... Nxe4 $19 26. Bxc7 Nxf2 27. Kxf2 Bc5+ 28. Ke2 {[#]} Bd4 $1 29. f6 (29. Rc1 $142) 29... Re6 (29... Bxb2 30. Rd7 $11) 30. fxg7+ Kxg7 31. Rf5 f6 32. g4 Kg6 33. h4 h6 ({Worse is} 33... Bxb2 34. Rd7 $14) 34. Kf3 $2 (34. b4 {was necessary.} axb4 35. a5) 34... c5 {Black is clearly winning.} 35. Ke4 Rc6 36. Rdf1 Rxc7 37. Rxf6+ Kh7 38. g5 hxg5 39. hxg5 Kg7 40. Re6 Rh8 41. Rff6 Rh4+ 42. Kd5 Rd7+ 43. Kc4 Be3+ 44. Kb5 Rb4+ 45. Kxa5 Bd2 (45... Rxb3 $142 46. Rg6+ Kf8 47. Rgf6+ {[#]} Kg8 $1 {[%mdl 512]}) 46. Rg6+ Kf8 {[%cal Rb4b3]} 47. Rgf6+ Rf7 {Accuracy: White = 26%, Black = 80%.} 0-1

[Event "17th Karpov Trophy 2019"]
[Site "Cap d'Agde"]
[Date "2019.10.26"]
[Round "4.4"]
[White "Amin, Bassem"]
[Black "Khademalsharieh, Sarasadat"]
[Result "1-0"]
[WhiteElo "2699"]
[BlackElo "2491"]
[Annotator "TA"]
[PlyCount "133"]
[EventDate "2019.10.25"]
[EventType "tourn"]
[EventCountry "FRA"]
[SourceTitle "playchess.com"]
[Source "ChessBase"]
[SourceQuality "1"]

{[%evp 11,133,14,18,12,22,18,26,21,14,16,6,0,0,-8,11,9,29,23,27,9,14,14,15,0,0,0,0,0,19,9,10,20,12,24,39,14,8,25,16,0,1,0,0,-16,-8,-11,0,-22,0,0,0,0,0,0,0,-18,0,0,0,0,0,0,0,0,0,0,6,0,4,0,18,0,8,0,0,0,0,0,0,0,0,0,0,0,0,0,0,0,0,0,0,0,0,-12,-18,-8,-8,-8,6,-15,134,0,8,8,8,8,42,8,127,127,127,127,614,610,1746,1689,29979,29980,29980,29981,29981,29982,29980,29981]} 1. e4 e5 2. Nf3 Nc6 3. Bc4 Bc5 4. c3 Nf6 5. d3 a6 6. O-O d6 7. Re1 {C54: Giuoco Piano: 4 c3 Nf6, main lines with 5 d4 and 5 d3} (7. a4 O-O 8. Re1 Ba7 9. h3 h6 10. Nbd2 Re8 11. b4 Be6 12. Bxe6 Rxe6 13. Nf1 Qd7 14. Be3 Bxe3 15. Nxe3 d5 {1-0 (53) Vachier Lagrave,M (2774)-Aronian,L (2758) Khanty-Mansiysk 2019}) 7... h6 8. Bb3 O-O 9. h3 {White has an edge.} Re8 10. Nbd2 {[%cal Bb1d2,Bd2f1,Bf1g3][%mdl 32]} Be6 11. Bc2 d5 12. exd5 $1 Bxd5 13. b4 Bf8 14. a4 Qd7 15. Nf1 b5 16. Ng3 Rad8 17. axb5 $146 ({Predecessor:} 17. Be3 Qc8 18. axb5 {1-0 (50) Annaberdiev,M (2496)-Jumabayev,R (2602) Ashkhabad 2017}) 17... axb5 18. Be3 Qc8 19. Nd2 Qb7 20. Nge4 Nxe4 21. dxe4 Be6 22. Qe2 Ra8 23. Bd3 Rxa1 24. Rxa1 Rb8 25. Nf1 Ne7 26. h4 Qc6 27. Bd2 Nc8 28. Ne3 Nd6 29. f3 Nc4 30. Nxc4 bxc4 31. Bc2 Ra8 32. Qd1 Qb6+ 33. Kf1 Rxa1 34. Qxa1 Be7 35. Be1 Qe3 36. Qd1 Qa7 37. Ba4 Qa8 38. Bf2 Kf8 39. Ke2 Bd6 40. Kd2 Ke7 41. Bc2 (41. Ke1 {keeps more tension.} Qc8 42. Qb1 Qa6 43. Qc2 Qc8 44. Qb2) 41... Qa2 42. Qb1 Qxb1 43. Bxb1 $11 {[%mdl 4096] Endgame KBB-KBB} Bd7 44. Be3 Bb5 45. Bc2 Kd7 46. g3 Be7 47. Bd1 c5 48. bxc5 Kc6 49. f4 exf4 50. gxf4 Bxh4 51. Bf3 Kc7 52. Bh5 g6 53. Be2 h5 54. Bd4 Be7 55. e5 Ba6 {[#]} (55... h4 $11 {keeps the balance.}) 56. Ke3 (56. f5 $1 $16 {[%mdl 512]}) 56... Bb5 {[#]} 57. f5 $1 {[%mdl 512] aiming for e6.} Bg5+ ({Much weaker is} 57... gxf5 $6 58. Bxh5 Bg5+ 59. Ke2 $18) 58. Kf2 Bh4+ 59. Kg1 (59. Kg2 $5 {[%cal Re5e6]}) 59... gxf5 (59... Kd7 $1 $11) 60. Bxh5 $16 f4 61. Bxf7 Kd8 $2 {[%mdl 8192]} (61... f3 $16 62. Bd5 Bc6 63. Bxc4 Be4) 62. Bd5 $18 Kd7 63. Kg2 Bc6 64. e6+ {White mates.} Kc7 65. Be5+ {[%mdl 64] Double Attack} Kb7 66. Bxc6+ Kxc6 {[#]} 67. Bd6 $1 {Accuracy: White = 66%, Black = 58%.} 1-0

[Event "17th Karpov Trophy 2019"]
[Site "Cap d'Agde"]
[Date "2019.10.26"]
[Round "5.1"]
[White "Bacrot, Etienne"]
[Black "Sebag, Marie"]
[Result "1-0"]
[WhiteElo "2671"]
[BlackElo "2445"]
[Annotator "TA"]
[PlyCount "53"]
[EventDate "2019.10.25"]
[EventType "tourn"]
[EventCountry "FRA"]
[SourceTitle "playchess.com"]
[Source "ChessBase"]
[SourceQuality "1"]

{[%evp 9,65,2,8,-3,0,0,-17,-12,0,0,0,0,0,0,15,-45,31,10,2,21,0,0,0,0,0,0,-6,-3,8,8,8,0,23,10,8,0,20,6,100,85,101,101,110,114,589,592,575,579,562,556,538,517,485,512,1037,933,29996,29997]} 1. Nf3 d5 2. e3 Nf6 3. c4 c6 4. Nc3 e6 5. b3 Bd6 6. g3 {A11: English Opening: 1...c6} (6. Bb2 O-O 7. d4 Nbd7 8. Be2 b6 9. O-O Bb7 10. Qc2 Qe7 11. Rad1 Rfe8 12. Rfe1 Rad8 13. g3 Bb4 14. a3 Bd6 15. b4 dxc4 16. e4 e5 17. Bxc4 exd4 18. Nxd4 Ne5 19. Nf5 Nf3+ 20. Kh1 Qf8 {½-½ (54) Maghsoodloo,P (2671)-Saric,I (2694) Malmo 2019}) 6... O-O 7. Bg2 e5 8. O-O {The position is equal.} Bg4 {Strongly threatening ...e4.} 9. h3 $146 ({Predecessor:} 9. Qc2 Nbd7 10. d4 Rc8 11. dxe5 Nxe5 12. Nxe5 Bxe5 {0-1 (29) Awiszus,T (1475)-Kaulich,P (1697) Ditzingen 2008}) 9... Bh5 {...e4 is the strong threat.} 10. g4 Bg6 11. d4 exd4 (11... Nbd7 {looks sharper.} 12. dxe5 Nxe5 13. cxd5 Nxf3+ 14. Qxf3 Be5) 12. Nxd4 ({White should play} 12. Qxd4 $11 Na6 13. cxd5) 12... Ne4 (12... dxc4 $15 13. bxc4 Na6) 13. Bb2 Nxc3 14. Bxc3 dxc4 15. bxc4 Qe7 16. e4 Rd8 {next ...Be5 is good for Black.} 17. Qc2 ({Don't play} 17. Nf5 Bxf5 18. exf5 Bh2+ 19. Kxh2 Rxd1 $17) 17... Na6 18. Rad1 Nc5 {[%cal Rg6e4]} 19. Nf5 Bxf5 $1 20. exf5 Qg5 21. Rfe1 h5 22. gxh5 Qxh5 23. Rd4 $36 {[%mdl 2048] White is pushing.} f6 (23... Bf8 $11 {remains equal.}) 24. Qd2 $16 Bc7 25. Re7 Bb6 {[#]} 26. Qe3 $1 {And now Rg4! would win.} Qxf5 $2 {[%mdl 8192] [#]} (26... Rxd4 $16 27. Bxd4 Qxf5) 27. Rf4 {Played: Re7xg7} 1-0

[Event "17th Karpov Trophy 2019"]
[Site "Cap d'Agde"]
[Date "2019.10.26"]
[Round "5.2"]
[White "Hou, Yifan"]
[Black "Paehtz, Elisabeth"]
[Result "1/2-1/2"]
[WhiteElo "2659"]
[BlackElo "2489"]
[Annotator "TA"]
[PlyCount "108"]
[EventDate "2019.10.25"]
[EventType "tourn"]
[EventCountry "FRA"]
[SourceTitle "playchess.com"]
[Source "ChessBase"]
[SourceQuality "1"]

{[%evp 14,108,0,0,0,0,0,0,0,15,0,-15,-22,-32,-27,-31,-18,-35,26,-11,0,-16,0,-36,-32,-86,-88,-94,-90,-112,-112,-129,-64,-115,-77,-135,-130,-112,-135,-128,-92,-94,-82,-79,-70,-71,-56,-81,-79,-69,-77,-71,0,0,10,-20,-30,-4,0,-12,-21,-76,33,0,225,0,35,-25,0,0,0,0,5,0,0,0,13,7,90,91,84,84,85,0,100,0,0,0,0,0,0,0,0,0,0,0,0]} 1. e4 e6 2. d4 d5 3. Nc3 Nf6 4. Bg5 dxe4 5. Nxe4 Be7 6. Bxf6 gxf6 7. Nf3 f5 8. Nc3 a6 {C13: French: Classical System: 4 Bg5 Be7, Alekhine-Chatard Attack} 9. g3 (9. Qd2 b5 10. O-O-O b4 11. Na4 Qd5 12. b3 Bd7 13. Bc4 Qd6 14. d5 e5 15. Rhe1 e4 16. Nd4 {1-0 (40) Carlsen,M (2832)-Grischuk,A (2750) chess.com INT 2017}) 9... b5 10. Bg2 {Black must now prevent Ne5.} Bb7 11. O-O c5 12. a4 b4 13. Ne2 O-O 14. Re1 $146 ({Predecessor:} 14. dxc5 Bxc5 15. Qc1 Qf6 16. Nf4 {½-½ (40) Krzyzanowski,M (2377)-Sadzikowski,D (2433) Suchedniow 2012}) 14... Bf6 15. dxc5 Qc7 (15... Ra7 $15) 16. Qd2 Qxc5 17. Nf4 Rd8 $36 {[%mdl 2048] Black fights for an advantage.} 18. Nd3 {[%mdl 64] Double Attack} (18. Qc1 $5 {[%cal Rf4h5]} Nd7 19. Nh5 $11) 18... Qe7 19. Qe3 (19. Qxb4 $15 Qxb4 20. Nxb4) 19... Nd7 $17 20. Nd4 Bxg2 21. Kxg2 Nb6 $1 22. Nf3 Nd5 (22... Nc4 $17 23. Qe2 Nxb2) 23. Qh6 (23. Qe2 $15) 23... Bg7 24. Qh5 (24. Qd2 $142) 24... Qb7 25. Qh4 Rac8 26. Re2 b3 27. cxb3 Qxb3 28. Nde5 {Nxf7! is the strong threat.} h6 29. Rc1 Qb7 30. Nc6 Re8 31. Rec2 Rc7 32. b4 Kf8 ({Black should play} 32... Bf8 $17 33. Qd4 Rec8) 33. Qc4 Rec8 34. Qc5+ Kg8 35. b5 axb5 36. axb5 Bf8 37. Qd4 (37. Qc4 $11) 37... Bg7 ({Much worse is} 37... Qxb5 $6 38. Na7 $11) (37... Ba3 $1 $17 {[%cal Ra3c1]} 38. Ra1 Qxb5) 38. Qd3 {Hoping for Ne7+!} (38. Ne7+ $5 Nxe7 39. Rxc7 Bxd4 40. Rxb7 Rxc1 41. Nxd4 $11) 38... Qb6 $2 {[#]} (38... Kh7 $11) 39. Qe2 $2 (39. Ne7+ $1 $18 {[%mdl 512]} Rxe7 40. Rxc8+ Kh7 41. R8c6) 39... Kf8 40. Nce5 (40. Rc5 $14) 40... Kg8 41. Rc6 Rxc6 42. bxc6 Ne7 {[%cal Re7c6]} 43. Qc4 Qc7 44. Qc5 Nd5 45. Nd7 Bf8 (45... Qd8 $11) 46. Nxf8 $16 Rxf8 47. Nd4 Qe5 48. Nf3 (48. c7 $16 Rc8 49. Nb5) 48... Qe4 {[#]} (48... Qc7 $11 {keeps the balance.}) 49. Rc4 (49. c7 $1 $16 {[%cal Rc7c8]} Rc8 50. Qb5) 49... Qe2 $11 {The position is equal.} 50. Qd4 Ne3+ 51. Qxe3 Qxc4 52. Qxh6 Qxc6 53. Qg5+ Kh7 {Threatens to win with ...f6.} 54. Qh5+ Kg7 {Accuracy: White = 42%, Black = 55%.} 1/2-1/2

[Event "17th Karpov Trophy 2019"]
[Site "Cap d'Agde"]
[Date "2019.10.26"]
[Round "5.3"]
[White "Khademalsharieh, Sarasadat"]
[Black "Nihal Sarin"]
[Result "0-1"]
[WhiteElo "2491"]
[BlackElo "2610"]
[Annotator "TA"]
[PlyCount "62"]
[EventDate "2019.10.25"]
[EventType "tourn"]
[EventCountry "FRA"]
[SourceTitle "playchess.com"]
[Source "ChessBase"]
[SourceQuality "1"]

{[%evp 19,62,5,50,22,56,21,27,11,24,0,0,0,11,0,71,74,70,52,70,0,0,0,0,0,0,0,0,0,0,-113,-102,-124,-97,-159,-163,-516,-529,-499,-497,-761,-728,-29991,-453,-29989,-29990]} 1. d4 Nf6 2. c4 g6 3. g3 Bg7 4. Bg2 O-O 5. Nc3 d6 6. Nf3 c5 7. dxc5 dxc5 8. O-O Nc6 9. Bf4 Nh5 10. Be3 Qa5 11. Qc1 {E65: King's Indian: Fianchetto: 6...c5 7 0-0 without d5 by White} (11. Bd2 Qb4 12. Qb3 Be6 13. Nd5 Qxb3 14. axb3 Bxd5 15. cxd5 Nb4 16. g4 Nf6 17. Bxb4 cxb4 18. Ne5 Rfd8 {½-½ (33) Nurmamedov,A (2341)-Tutisani,N (2468) Moscow 2019}) 11... Rd8 $146 ({Predecessor:} 11... Bf5 12. Nd2 Rac8 13. Nb3 Qa6 14. h3 Nf6 15. Nxc5 Qxc4 16. Rd1 Rfd8 17. Rxd8+ Nxd8 18. Qd2 Bh6 19. Nxb7 Bxe3 20. Qxe3 {1-0 (48) Just,J (1980)-Seyb,N (1823) GER email 2013}) 12. Bd2 {aiming for Nd5.} Qb4 13. Nd1 {White has an edge.} Qb6 14. Nc3 Qb4 15. Nd1 Qb6 16. Nc3 Be6 (16... Qb4 $11 {remains equal.}) 17. Na4 $16 Qa6 18. Nxc5 Qxc4 19. Nxe6 (19. Nxb7 $14 Rdc8 20. Nc5) 19... Qxe6 $11 20. e3 Rac8 $36 {[%mdl 2048] Black has the initiative.} 21. Bc3 Nb4 22. Qb1 Qb6 23. Bxg7 Kxg7 24. Qe4 {[#]} (24. Rc1 $11) 24... Nf6 $1 $17 {[%cal Rf6e4]} 25. Qh4 Rc2 26. a3 ({White should play} 26. Ne5) 26... Nd3 27. b4 $2 {[#]} (27. Rad1) 27... Rxf2 $1 $19 {[%mdl 576] Remove Defender} 28. Rxf2 {Hoping for Re2.} Qxe3 {[%mdl 64] Pin} 29. g4 (29. h3 $142 Qxf2+ 30. Kh2) 29... Ne4 {[%mdl 64] Pin} 30. Qxe7 Qxf2+ 31. Kh1 {[#]} Qe3 $1 {[%mdl 512] Accuracy: White = 49%, Black = 76%.} 0-1